British Prime Ministers - Sudden Death - Statistics

General Stats
  • This quiz has been taken 1,480 times
  • The average score is 14 of 20
Answers on the Grid
Answers color-coded by a green-red scale on the quiz's grid according to % correct below.
Adam Smith
Aneurin Bevan
Benjamin Disraeli
Boris Johnson
Daniel O'Connell
David Cameron
David Lloyd George
Duke of Wellington
Earl Grey
Earl of Derby
Gordon Brown
Harold Wilson
Horatio Nelson
James Callaghan
John Major
Keir Starmer
Liz Truss
Lord Cotswold
Lord Melbourne
Margaret Thatcher
Neville Chamberlain
Nicola Sturgeon
Nigel Farage
Oliver Cromwell
Rachel Reeves
Ramsay MacDonald
Richard Branson
Sadiq Khan
Theresa May
William Beveridge
William Pitt
Winston Churchill
 
Answer Stats
Answer % Correct
Boris Johnson
91%
David Cameron
88%
Margaret Thatcher
88%
Winston Churchill
86%
Keir Starmer
85%
Liz Truss
83%
Theresa May
83%
Neville Chamberlain
80%
Gordon Brown
79%
John Major
76%
Benjamin Disraeli
73%
David Lloyd George
73%
Harold Wilson
69%
James Callaghan
62%
William Pitt
61%
Duke of Wellington
57%
Ramsay MacDonald
55%
Earl Grey
52%
Earl of Derby
47%
Lord Melbourne
43%
No matching quizzes found
Score Distribution
Percent of People with Each Score
Percentile by Number Answered
Your Score History
You have not taken this quiz